LEADER 01297nam a2200289 i 4500 001 000000175974 003 CaOOAMICUS 005 20081126000000.0 008 081126s2000 it u000 u ita u 013 $a153459 020 $a88-16-40533-3 040 $aSeMil$bita 100 1 $aLévinas, Emmanuel,$d<1906-1995>.$0(OLS)http://semarc/name/18680 245 10$aNell'ora delle nazioni :$bletture talmudiche e scritti filosofico-politici /$cEmmanuel Lévinas ; a cura di Silvano Facioni. 260 $aMilano :$bJaca Book,$c2000. 300 $aXXXIV, 220 p. ;$c23 cm. 490 0 $aDi fronte e attraverso ;$v533 650 4$aFilosofia politica.$0(OLS)http://semarc/subject/358 650 4$aTalmud.$0(OLS)http://semarc/subject/8809 700 1 $aFacioni, Silvano.$0(OLS)http://semarc/name/33730 830 0$aDi fronte e attraverso ;$v533.$0(OLS)http://semarc/title/6486 850 $aSeMil 852 $aSeMil$W1$xVenegono$y1$m2P V 6$j126796$B126796$CSeMilBibl$Z2$F137546 $81 961 $aOmaggio: Ravasi mons. Gianfranco 996 $6020$a88-16-40533-3$9(OLS)http://semarc/number/164386 996 $6245$aNell'ora delle nazioni :$bletture talmudiche e scritti filosofico-politici$9(OLS)http://semarc/title/252483 996 $6260$aMilano :$bJaca Book$9(OLS)http://semarc/publisher/29781 LEADER 00902nam a2200205 i 4500 001 000000243967 003 CaOOAMICUS 005 20150727000000.0 008 150727s1744 it u000 u ita u 013 $a222872 026 $ao.he 7062 m-i- ta20 (3) 1744 (R) 040 $aSeMil$bita 245 10$a1. 300 $a[20], 523, [1] p. 773 0 $aSormani, Giammaria$tAmbrogiano pastore, cioè ragionamenti, e selve di cose predicabili sopra i Vangeli domenicali, secondo il rito della Santa Chiesa milanese. Aggiunta in fine la concordanza coi Vangeli del rito comune. Opera del M.R. .. Giammaria Sormani.$dIn Milano : Nella Stamperia di Pietro Francesco Malatesta, 1744-1766.$g1$w()32275 850 $aSeMil 852 $aSeMil$W1$xVenegono$y1$m3E V 94 FA$j194313$B194313$CSeMilBibl$Z2$F204935 $8I 941 1 $a10 961 $aRecupero: Mantegazza 996 $6245$a1$9(OLS)http://semarc/title/6508